Countries With Highest Divorce Rate - Statistics

General Stats
  • This quiz has been taken 132 times
  • The average score is 6 of 10
Answer Stats
Rank Percentage Country % Correct
10 53% United States
99%
9 55% France
78%
5 61% Spain
74%
2 68% Portugal
68%
1 71% Belgium
61%
4 66% Czech Republic
44%
3 67% Hungary
44%
6 60% Luxembourg
42%
7 58% Estonia
38%
8 56% Cuba
20%
No matching quizzes found
Score Distribution
Percent of People with Each Score
Percentile by Number Answered
Your Score History
You have not taken this quiz